000 00454nam a2200169Ia 4500
003 GCL
008 140319s9999 xx 000 0 ara d
040 _aGCL /
_cGCL
082 0 4 _a001.54
_bف ل
100 1 _aفايز الصائغ
245 1 0 _aاللغة والتعريب ودور الاعلام /
_cفايز الصائغ
300 _a237
490 _a
650 0 4 _aالاعلام
650 0 4 _aالتعريب والترجمة
942 _2ddc
_cBK
999 _c44492
_d44492